000 00857nam a2200229 a 4500
003 MX-MxUPN‡bspa‡cMX-MxUPN
005 20230623063618.0
008 220906s1994 mx a||||r|||| 000 j spa d
020 _a9682956145
040 _aMX-MxUPN
_bspa
_cMX-MxUPN
041 0 _aspa
050 1 4 _aPZ76.3
_bC846
245 0 4 _aLos cuentos del conejo
250 _a1a edición.
260 _aMéxico :
_bCONAFE,
_c1994.
300 _a39 páginas :
_bilustraciones
490 0 _aSerie Literatura infantil
505 0 _tEl conejo y el venado --
_tEl conejo quejumbroso --
_tEl conejo y el lagarto --
_tEl engaño de la milpa --
_tLa boda del coyote --
_tEl coyote arrepentido --
_tLa justicia de la tortuga --
_tEl queso en la laguna --
_tCoplas conejeras
650 4 _aCuentos infantiles mexicanos
_97723
942 _2lcc
_cLIBRO
999 _c208822
_d208822